ბათუმის შოთა რუსთაველის სახელმწიფო უნივერსიტეტის ბიბლიოთეკა

The Problems of Work: (ბიბ.ჩანაწერი № 58273)

000 -LEADER
fixed length control field 00808nam a22002057a 4500
005 - DATE AND TIME OF LATEST TRANSACTION
control field 20211019130659.0
008 - FIXED-LENGTH DATA ELEMENTS--GENERAL INFORMATION
fixed length control field 211019s2007 enk||||| |||| 00| 0 eng d
020 ## - INTERNATIONAL STANDARD BOOK NUMBER
International Standard Book Number 9788779897540
041 ## - LANGUAGE CODE
Language code of text/sound track or separate title eng
080 ## - UNIVERSAL DECIMAL CLASSIFICATION NUMBER
Universal Decimal Classification number 299.93+331.101+159.944 H-88
100 ## - MAIN ENTRY--PERSONAL NAME
Personal name Hubbard, L Ron
9 (RLIN) 12506
245 ## - TITLE STATEMENT
Title The Problems of Work:
Remainder of title Scientology Applied to the Workaday World /
Statement of responsibility, etc. L Ron Hubbard.
264 ## - PRODUCTION, PUBLICATION, DISTRIBUTION, MANUFACTURE, AND COPYRIGHT NOTICE
Place of production, publication, distribution, manufacture Los Angeles :
Name of producer, publisher, distributor, manufacturer New Era,
Date of production, publication, distribution, manufacture, or copyright notice 2007.
300 ## - PHYSICAL DESCRIPTION
Extent 197 p.
Other physical details 24 cm.
440 ## - SERIES STATEMENT/ADDED ENTRY--TITLE
Title A scientology Publication
9 (RLIN) 12670
653 ## - INDEX TERM--UNCONTROLLED
keyword The Problems of Work: Scientology Applied to the Workaday World
653 ## - INDEX TERM--UNCONTROLLED
keyword მუშაობის პრობლემები
653 ## - INDEX TERM--UNCONTROLLED
keyword მეცნიერების გამოიყენება სამუშაო სამყაროში
942 ## - ADDED ENTRY ELEMENTS (KOHA)
Source of classification or shelving scheme
Koha item type წიგნი
ეგზემპლარები
Withdrawn status Lost status Source of classification or shelving scheme Damaged status Not for loan Permanent Location Current Location Shelving location Date acquired Cost, normal purchase price Full call number Barcode Date last seen Copy number Price effective from Koha item type Public note
          ბათუმის შოთა რუსთაველის სახელმწიფო უნივერსიტეტის მთავარი ბიბლიოთეკა ბათუმის შოთა რუსთაველის სახელმწიფო უნივერსიტეტის მთავარი ბიბლიოთეკა წიგნსაცავი 2021-10-19 21.00 299.93+331.101+159.944 H-88 61880 2021-10-19 61880 2021-10-19 წიგნი 21 ლ. 43თ.